| 000 | 00542nam a2200181 a 4500 | ||
|---|---|---|---|
| 001 | 5115 | ||
| 003 | CDMR | ||
| 005 | 20131023133446.0 | ||
| 008 | 130130s1986||||||||||||||||||||||||||||d | ||
| 020 | _a2710105632 | ||
| 040 |
_aCDMR _bcat _cCDMR |
||
| 245 | 3 |
_aLe câble _b: la télévision au pluriel: de A à Z toutes les réponses à vos questions |
|
| 260 |
_aParis _c1986 _bEntreprise Moderne d'Édition |
||
| 300 | _a341 p. | ||
| 490 | 0 |
_aMèdia et vie sociale. _aMission TV Câble |
|
| 650 | 0 | 4 |
_94157 _aTelevisió per cable |
| 942 |
_cMON _2udc |
||
| 999 |
_c5115 _d5115 |
||